| 000 | 01007cam a22002651 4500 | ||
|---|---|---|---|
| 001 | 8293110 | ||
| 003 | ARRUPE | ||
| 005 | 20160127114349.0 | ||
| 008 | 780720s1933 enkabce 000 0 eng | ||
| 010 | _a 34017267 | ||
| 035 | _a(OCoLC)4070703 | ||
| 040 |
_aDLC _cNcRS _dNcRS _dOCoLC _dDLC |
||
| 042 | _apremarc | ||
| 043 | _af-sa--- | ||
| 050 | 0 | 0 |
_aTN427.S6 _bM3 |
| 082 | _a622.34 | ||
| 100 | 1 |
_aMacdonald, William, _d1875-1935. _921821 |
|
| 245 | 1 | 4 |
_aThe romance of the golden Rand; _bbeing the romantic story of the life and work of the pioneers of the Witwatersrand--the world's greatest goldfields, _cby William Macdonald ... with four maps and eleven illustrations. |
| 260 |
_aLondon [etc.] _bCassell and Company, limited _c[1933] |
||
| 300 |
_axiii, 314 p. _bfront., illus. (maps, plans) plates, ports. _c22 cm. |
||
| 650 | 0 |
_aGold mines and mining _zTransvaal _zWitwatersrand. _921846 |
|
| 740 | 4 | _aThe golden Rand. | |
| 906 |
_a7 _bcbc _coclcrpl _du _encip _f19 _gy-gencatlg |
||
| 942 |
_2lcc _cSPC |
||
| 999 |
_c124052 _d124052 |
||